Judges /

Bibliographic Details
Main Author: Pannick, David
Format: Book
Language:English
Published: Oxford ; New York : Oxford University Press, 1987.
Subjects:

MARC

Tag First Indicator Second Indicator Subfields
LEADER 00000cam a2200000 a 4500
001 in00000015421
005 20151007053046.0
008 870320s1987 enk b 00110 eng
010 |a  87007827  
020 |a 0192159569 :  |c £10.95 ($17.00 U.S.) 
035 |a (OCoLC)15489234 
035 |9 AAB0250AM 
040 |a DLC  |c DLC  |d TXA  |d UtOrBLW 
043 |a n-us---  |a e-uk--- 
049 |a TXAM  |c [A11069551] 
050 0 0 |a KD7285  |b .P36 1987 
082 0 |a 347.42/014  |a 344.20714  |2 19 
100 1 |a Pannick, David. 
245 1 0 |a Judges /  |c David Pannick. 
264 1 |a Oxford ;  |a New York :  |b Oxford University Press,  |c 1987. 
300 |a vii, 255 pages ;  |c 23 cm. 
336 |a text  |b txt  |2 rdacontent 
337 |a unmediated  |b n  |2 rdamedia 
338 |a volume  |b nc  |2 rdacarrier 
504 |a Bibliography: pages 207-248. 
500 |a Includes index. 
650 0 |a Judges  |z Great Britain. 
650 0 |a Judges  |z United States. 
999 |a MARS 
999 f f |s c6fc3405-04be-32d4-a41c-fb3d868c0d5a  |i c062be46-5807-3645-a1a0-dacec5c15b86  |t 0 
952 f f |p ric  |a Texas A&M University  |b Rellis Campus  |c Joint Library Facility  |d Remote Storage  |t 0  |e KD7285 .P36 1987  |h Library of Congress classification  |i unmediated -- volume  |m A14811069551 
998 f f |a KD7285 .P36 1987  |t 0  |l Remote Storage